| 000 | 00361nam a22001217a 4500 | ||
|---|---|---|---|
| 082 | _aTHE 200 | ||
| 100 |
_aAHMED SIBGHAT ULLAH, _972795 |
||
| 245 | _aTH-SOF-0752-NARROWBAND WAVEFORM FOR NATO TACTICAL COMMUNICATION | ||
| 260 |
_aNUST COLLEGE OF EME _bISLAMABAD _c2001 |
||
| 650 |
_aMS-ELECT-59 MSTHESIS _972610 |
||
| 700 |
_aDR SHOAB A KHAN _918474 |
||
| 942 | _cCF | ||
| 999 |
_c578773 _d578773 |
||